[Event "GER-chT U10"]
[Site "Magdeburg"]
[Date "2018.12.29"]
[Round "6.4"]
[White "Malchereck, Romeo"]
[Black "Wedekind, Ferdinand"]
[Result "1-0"]
[WhiteElo "1124"]
[BlackElo "1217"]
[PlyCount "81"]
[EventDate "2018.12.27"]
[EventType "team-swiss"]
[EventRounds "7"]
[EventCountry "GER"]
[SourceTitle "CBM 188 Extra"]
[Source "ChessBase"]
[SourceDate "2019.02.26"]
[SourceVersion "1"]
[SourceVersionDate "2019.02.26"]
[SourceQuality "1"]
[WhiteTeam "Hamburger SK"]
[BlackTeam "Erlangen"]
[WhiteTeamCountry "GER"]
[BlackTeamCountry "GER"]

1. e4 e5 2. Nf3 Nc6 3. Bc4 Bc5 4. Nc3 Nf6 5. d3 h6 6. a4 0-0 7. h3 d6 8. Qe2 Be6 9. Bxe6 fxe6 10. Be3 Bb6 11. 0-0 Qd7 12. Bxb6 axb6 13. Qe3 Rad8 14. Rfd1 Qe7 15. Nh4 Rf7 16. Ng6 Qe8 17. Qg3 Ne7 18. Ne2 Kh7 19. Nxe7 Qxe7 20. Qh2 Rdf8 21. Rf1 Qd7 22. Qg3 Qc6 23. c3 Nd7 24. b4 Nb8 25. Qe3 Qd7 26. d4 exd4 27. Nxd4 e5 28. Nf5 d5 29. Rfd1 c6 30. c4 Qe6 31. cxd5 cxd5 32. Rxd5 Nc6 33. Rd6 Qc4 34. b5 Ra8 35. bxc6 bxc6 36. Rc1 Qxa4 37. Rcxc6 b5 38. Rxh6+ gxh6 39. Rxh6+ Kg8 40. Qg5+ Kf8 41. Rh8# 1-0